000 00431nam a2200181Ia 4500
008 210210b2008 xxu||||| |||| 00| 0 eng d
020 _a818052177x
041 _aeng
082 _a338.46 MUKT
100 _aMUKHOPADHYAY (Sipra)
245 _aTourism economics
260 _aNew Delhi
_bAne Books Pvt. Ltd.
_c2008
300 _axvi,276
650 _aTourism
650 _aeconomics
690 _aEconomics
906 _a065035
999 _c141642
_d141642